000 00277nam a2200121Ia 4500
008 191201s2011 xx 000 0 und d
100 _aREEDHILL,Robert E
245 0 _aPhysical metallurgy
250 _aIMP
260 _c2011
_bEWP
_aNEW DELHI
300 _a920
942 _2ddc
_cBK
999 _c8135
_d8135